Comprehending the incomprehensible : organization theory and child sexual abuse in organizations (Record no. 38178)

MARC details
000 -LEADER
fixed length control field 00882nam a2200205 a 4500
008 - FIXED-LENGTH DATA ELEMENTS--GENERAL INFORMATION
fixed length control field 200819s2018 ||||||||||||||||| || u
020 ## - INTERNATIONAL STANDARD BOOK NUMBER
International Standard Book Number 9781108439299
050 ## - LIBRARY OF CONGRESS CALL NUMBER
Classification number HV 6570 Pal
100 ## - MAIN ENTRY--PERSONAL NAME
Personal name Feldman, Valerie
245 10 - TITLE STATEMENT
Title Comprehending the incomprehensible : organization theory and child sexual abuse in organizations
Statement of responsibility, etc. By Donald Palmer; Valerie Feldman
260 ## - PUBLICATION, DISTRIBUTION, ETC.
Place of publication, distribution, etc. Cambridge
Name of publisher, distributor, etc. Cambridge University Press
Date of publication, distribution, etc. 2018
300 ## - PHYSICAL DESCRIPTION
Extent iv, 84 pages
490 ## - SERIES STATEMENT
Series statement Elements in organizational theory
650 #0 - SUBJECT ADDED ENTRY--TOPICAL TERM
Topical term or geographic name entry element ORGANIZATIONAL BEHAVIOR
650 ## - SUBJECT ADDED ENTRY--TOPICAL TERM
Topical term or geographic name entry element CHILD SEXUAL ABUSE--PREVENTION
650 ## - SUBJECT ADDED ENTRY--TOPICAL TERM
Topical term or geographic name entry element CHILD SEXUAL ABUSE
650 ## - SUBJECT ADDED ENTRY--TOPICAL TERM
Topical term or geographic name entry element ASSOCIATIONS, INSTITUTIONS, ETC--MORAL AND ETHICAL ASPECTS
700 ## - ADDED ENTRY--PERSONAL NAME
Personal name Palmer, Donald
995 ## - RECOMMENDATION 995 [LOCAL, UNIMARC FRANCE]
-- 15.38
-- CBU-MAIN LIBRARY (Kitwe)
-- 1
-- AVAILABLE
-- Aug 24, 2020
-- Main Library Open Access Collection
Holdings
Withdrawn status Lost status Source of classification or shelving scheme Damaged status Not for loan Home library Current library Shelving location Date acquired Total Checkouts Full call number Barcode Date last seen Price effective from Koha item type
          CBU-MAIN LIBRARY, KITWE. CBU-MAIN LIBRARY, KITWE.   11/30/2022   HV 6570 Pal 750229 11/30/2022 11/30/2022 MONOGRAPH